Report of the Comptroller and Auditor General of India on state finances, Assam (Record no. 484267)

000 -LEADER
fixed length control field 00453cam a22001217a 4500
008 - FIXED-LENGTH DATA ELEMENTS--GENERAL INFORMATION
fixed length control field 180718b-- xxu||||| |||| 00| 0 eng d
082 ## - DEWEY DECIMAL CLASSIFICATION NUMBER
Classification number L906x5411 C/F
245 ## - TITLE STATEMENT
Title Report of the Comptroller and Auditor General of India on state finances, Assam
260 ## - PUBLICATION, DISTRIBUTION, ETC.
Place of publication, distribution, etc. Guwahati
Name of publisher, distributor, etc. Comptroller and Auditor General of India
Date of publication, distribution, etc. --
500 ## - GENERAL NOTE
General note Library has 2009/10-2010/11
650 ## - SUBJECT ADDED ENTRY--TOPICAL TERM
Topical term or geographic name entry element Auditing - India - Assam
700 ## - ADDED ENTRY--PERSONAL NAME
Personal name Assam. Comptroller and Auditor General of India
Holdings
Withdrawn status Lost status Damaged status Not for loan Permanent Location Current Location Date acquired Full call number Barcode Date last seen Price effective from Koha item type
        Indian Institute of Public Administration Indian Institute of Public Administration 2018-08-04 L906x5411 C/F GG31118 2018-08-04 2018-08-04 GG
        Indian Institute of Public Administration Indian Institute of Public Administration 2018-08-04 L906x5411 C/F GG30839 2018-08-04 2018-08-04 GG
        Indian Institute of Public Administration Indian Institute of Public Administration 2018-08-04 L906x5411 C/F GG30640 2018-08-04 2018-08-04 GG
        Indian Institute of Public Administration Indian Institute of Public Administration 2018-08-04 L906x5411 C/F GG29916 2018-08-04 2018-08-04 GG

Powered by Koha